Economía internacional: teoría y política
Đã lưu trong:
| Những tác giả chính: | , , |
|---|---|
| Định dạng: | Sách |
| Ngôn ngữ: | Tiếng Tây Ban Nha |
| Được phát hành: |
Madrid
Pearson Educación S. A
2016
|
| Phiên bản: | 10a. ed |
| Loạt: | Always Learning
|
| Những chủ đề: | |
| Các nhãn: |
Thêm thẻ
Không có thẻ, Là người đầu tiên thẻ bản ghi này!
|
MARC
| LEADER | 00000cam a2200000 a 4500 | ||
|---|---|---|---|
| 001 | UCC7322 | ||
| 003 | CL-VaPUC | ||
| 005 | 20240619125908.0 | ||
| 008 | 190322e20160000sp |||||||||||||||||spa|d | ||
| 999 | |c 373992 |d 373990 | ||
| 020 | |a 9788490352960 | ||
| 040 | |c Pontificia Universidad Católica de Valparaíso | ||
| 082 | 0 | 4 | |a 337 |b KRU |2 21 |
| 100 | |a Krugman, Paul R |e autor |9 601879 | ||
| 245 | 1 | 0 | |a Economía internacional: teoría y política |
| 250 | |a 10a. ed | ||
| 260 | |a Madrid |b Pearson Educación S. A |c 2016 | ||
| 300 | |a 753 p | ||
| 490 | 0 | |a Always Learning | |
| 583 | |a last modification |c 20190322 14:57:00 |k Rodrigo Vera | ||
| 650 | 0 | |a Economía internacional |9 258254 | |
| 650 | 0 | |a Política comercial |9 259070 | |
| 650 | 0 | |a Macroeconomía |9 260301 | |
| 650 | 0 | |a Comercio exterior |2 CL-VaPUC |9 257617 | |
| 650 | 0 | |a Tipos de cambio |9 561905 | |
| 700 | 0 | |a Obstfeld, Maurice |e author |9 601880 | |
| 700 | 0 | |a Melitz, Marc J |e author |9 601881 | |
| 942 | |c BK |2 ddc | ||
| 945 | |d 20190322 14:57:00 |a dcastane | ||
| 952 | |0 0 |1 0 |3 erb |4 0 |6 337_000000000000000_KRU_2016 |7 0 |8 R |9 492332 |a BIBENE |b BIBENE |i 5539161 |o 337 KRU 2016 |p 5539161 |r 2025-01-15 |w 2019-11-24 |y BK_R |z Catalogado en:20190322 |k ICO | ||
| 952 | |0 0 |1 0 |2 ddc |3 erb |4 0 |6 337_000000000000000_KRU_2016 |7 0 |8 R |9 492333 |a BIBENE |b BIBENE |i 553917K |o 337 KRU 2016 |p 553917K |r 2025-01-15 |w 2019-11-24 |y BK_R |z Catalogado en:20190322 |k ICO | ||
| 952 | |0 0 |1 0 |3 erb |4 0 |6 337_000000000000000_KRU_2016 |7 0 |8 R |9 492334 |a BIBENE |b BIBENE |i 5539188 |o 337 KRU 2016 |p 5539188 |r 2025-01-15 |w 2019-11-24 |y BK_R |z Catalogado en:20190322 |k ICO | ||
| 952 | |0 0 |1 0 |3 erb |4 0 |6 337_000000000000000_KRU_2016 |7 0 |8 R |9 492335 |a BIBENE |b BIBENE |i 5539196 |o 337 KRU 2016 |p 5539196 |r 2025-01-15 |w 2019-11-24 |y BK_R |z Catalogado en:20190322 |k ICO | ||
| 952 | |0 0 |1 0 |3 erb |4 0 |6 337_000000000000000_KRU_2016 |7 0 |8 R |9 492336 |a BIBENE |b BIBENE |i 553920K |l 1 |o 337 KRU 2016 |p 553920K |r 2025-01-15 |s 2024-04-29 |w 2019-11-24 |y BK_R |z Catalogado en:20190322 |k ICO | ||
| 952 | |0 0 |1 0 |3 erb |4 0 |6 337_000000000000000_KRU_2016 |7 0 |8 R |9 492337 |a BIBENE |b BIBENE |i 5539218 |o 337 KRU 2016 |p 5539218 |r 2025-01-15 |w 2019-11-24 |y BK_R |z Catalogado en:20190322 |k ICO | ||
| 952 | |0 0 |1 0 |3 erb |4 0 |6 337_000000000000000_KRU_2016 |7 0 |8 R |9 492338 |a BIBENE |b BIBENE |i 5539226 |l 2 |o 337 KRU 2016 |p 5539226 |q 2025-05-12 |r 2025-05-09 |s 2025-05-09 |w 2019-11-24 |y BK_R |z Catalogado en:20190322 |k ICO | ||
| 952 | |0 0 |1 0 |2 ddc |3 erb |4 0 |6 337_000000000000000_KRU_2016 |7 0 |8 R |9 492339 |a BIBENE |b BIBENE |i 5539234 |l 3 |m 3 |o 337 KRU 2016 |p 5539234 |r 2025-01-15 |s 2024-04-24 |w 2019-11-24 |y BK_R |z Catalogado en:20190322 |k ICO | ||
| 952 | |0 0 |1 0 |3 erb |4 0 |6 337_000000000000000_KRU_2016 |7 0 |8 R |9 492340 |a BIBENE |b BIBENE |i 5539242 |l 1 |o 337 KRU 2016 |p 5539242 |r 2025-01-15 |s 2022-03-18 |w 2019-11-24 |y BK_R |z Catalogado en:20190322 |k ICO | ||
| 952 | |0 0 |1 0 |3 erb |4 0 |6 337_000000000000000_KRU_2016 |7 0 |8 R |9 492341 |a BIBENE |b BIBENE |i 5539250 |l 1 |o 337 KRU 2016 |p 5539250 |r 2025-01-15 |s 2022-03-09 |w 2019-11-24 |y BK_R |z Catalogado en:20190322 |k ICO | ||